Die Person : Wege zu ihrem Verständnis / Günter Rager
Record details
- ISBN: 978-3-7278-1572-0
- ISBN: 978-3-451-29386-3
- Physical Description: 382 s. : il. ; 23 cm
- Publisher: Friburg : Academic Press ; c2006
Content descriptions
| Bibliography, etc. Note: | Obsahuje bibliografii a rejstřík |
| Language Note: | Převážně německy, malá část anglicky |
Search for related items by subject
| Subject: | člověk > mezioborový kontext osobnost > mezioborový kontext filozofická antropologie teologická antropologie neurovědy křesťanská etika lékařská etika |
| Genre: | studie |
Search for related items by series
Available copies
- 1 of 1 copy available at Common Catalog SPOK.
Holds
- 0 current holds with 1 total copy.
Show Only Available Copies
| Location | Call Number / Copy Notes | Barcode | Shelving Location | Status | Due Date |
|---|---|---|---|---|---|
| Jabok Library | ET-9.2/R | 424480021769 | Odborná literatura | Available | - |
| LDR | 01715cam a2200481 a 4500 | ||
|---|---|---|---|
| 001 | 9023 | ||
| 003 | CZ-PrJAB | ||
| 005 | 20170525105158.0 | ||
| 008 | 070202s2006 sz a f 000 0 ger d | ||
| 020 | . | ‡a978-3-7278-1572-0 ‡q(Academic Press Fribourg ; ‡qbrož.) ‡z3-7278-1572-8 | |
| 020 | . | ‡a978-3-451-29386-3 ‡q(Herder ; ‡qbrož.) ‡z3-451-29386-2 | |
| 035 | . | ‡a(CZ PrNK)zpk20102088198 | |
| 035 | . | ‡a(OCoLC)82149053 | |
| 040 | . | ‡aOHX ‡bcze ‡cOHX ‡dSZ9XM ‡dABA001 | |
| 041 | 0 | . | ‡ager ‡aeng |
| 044 | . | ‡asz ‡agw | |
| 072 | 7. | ‡a572 ‡xFyzická antropologie ‡2Konspekt ‡91 | |
| 080 | . | ‡a599.89 ‡2MRF | |
| 080 | . | ‡a159.923 ‡2MRF | |
| 080 | . | ‡a001.2 ‡2MRF | |
| 080 | . | ‡a141.319.8 ‡2MRF | |
| 080 | . | ‡a2-18 ‡2MRF | |
| 080 | . | ‡a611.8+612.8+616.8 ‡2MRF | |
| 080 | . | ‡a27-42 ‡2MRF | |
| 080 | . | ‡a614.253 ‡2MRF | |
| 080 | . | ‡a(048.8) ‡2MRF | |
| 100 | 1 | . | ‡aRager, Günter, ‡d1938- ‡7skuk0004719 ‡4aut |
| 245 | 1 | 4. | ‡aDie Person : ‡bWege zu ihrem Verständnis / ‡cGünter Rager |
| 260 | . | ‡aFriburg : ‡bAcademic Press ; ‡aFreiburg im Breisgau : ‡bHerder, ‡cc2006 | |
| 300 | . | ‡a382 s. : ‡bil. ; ‡c23 cm | |
| 490 | 1 | . | ‡aStudien zur theologischen Ethik ; ‡v115 |
| 504 | . | ‡aObsahuje bibliografii a rejstřík | |
| 546 | . | ‡aPřevážně německy, malá část anglicky | |
| 650 | 0 | 7. | ‡ačlověk ‡7ph116876 ‡xmezioborový kontext ‡2czenas |
| 650 | 0 | 7. | ‡aosobnost ‡7ph115614 ‡xmezioborový kontext ‡2czenas |
| 650 | 0 | 7. | ‡afilozofická antropologie ‡7ph114539 ‡2czenas |
| 650 | 0 | 7. | ‡ateologická antropologie ‡7ph255082 ‡2czenas |
| 650 | 0 | 7. | ‡aneurovědy ‡7ph250755 ‡2czenas |
| 650 | 0 | 7. | ‡akřesťanská etika ‡7ph138484 ‡2czenas |
| 650 | 0 | 7. | ‡alékařská etika ‡7ph115193 ‡2czenas |
| 655 | 7. | ‡astudie ‡7fd133597 ‡2czenas | |
| 830 | 0. | ‡aStudien zur theologischen Ethik | |
| 910 | . | ‡aABG312 | |
| 901 | . | ‡a9023 ‡bUnknown ‡c9023 ‡tbiblio | |